International Logistics: The management of international trade operations

Na minha lista:
Detalhes bibliográficos
Principais autores: David, Pierre A (Autor), Stewart, Richard D (Autor)
Formato: Livro
Idioma:inglês
Publicado em: Stamford Cengage Learning 2008
Assuntos:
Tags: Adicionar Tag
Sem tags, seja o primeiro a adicionar uma tag!

MARC

LEADER 00000nam a2200000 a 4500
001 UCH9464
003 CL-VaPUC
008 100107e20080000us |||||||||||||||||eng|d
020 |a 9780759391437 
082 0 4 |a 382.1  |b DAV  |2 21 
100 0 |a David, Pierre A  |e author  |9 546577 
700 0 |a Stewart, Richard D  |e author  |9 546578 
245 1 0 |a International Logistics: The management of international trade operations 
300 |a 393 p 
942 |c BK 
945 |d 20100107 00:00:00  |a dcastane 
260 |a Stamford  |b Cengage Learning  |c 2008 
650 7 |a COMERCIO INTERNACIONAL  |2 CL-VaPUC  |9 546579 
650 7 |a SISTEMA CAMBIARIO  |2 CL-VaPUC  |9 546580 
650 7 |a OPERACIONES COMERCIALES  |2 CL-VaPUC  |9 337866 
650 7 |a IMPORTACIONES  |2 CL-VaPUC  |9 359079 
650 7 |a EXPORTACIONES  |2 CL-VaPUC  |9 255382 
650 0 |a Aranceles aduaneros  |9 317344 
583 |a last modification  |c 20130809 12:42:00  |k Rodrigo Vera 
999 |c 339432  |d 339430 
952 |0 0  |1 0  |4 0  |6 382_100000000000000_DAV_2008  |7 0  |8 A  |9 433087  |a BIBING  |b BIBING  |d 2019-11-22  |i 4632990  |o 382.1 DAV 2008  |p 4632990  |r 2025-01-20  |w 2019-11-22  |y BK  |k EII